00495 2200205 4500001002100000005001500021008004100036020002200077035001900099041000700118082001200125090001800137100001900155700002600174245002400200260002400224300002000248500000600268650001500274INLIS00000000000002420241224112114241224||||||||| | ||| |||| || |  a978-979-076-366-1 0010-1224000024 aid0 a370,224 a370.224 ANA p0 aAnas Salahudin0 aIrwanto Alkrienciehie00aPendidikan Karakter bPustaka Setiac2013 a431 hlm,: 24 cm a1 0apendidikan